000 00554nmm a2200169Ia 4500
008 251105s9999||||xx |||||||||||||||||und||
020 _a9789681659721
041 _aspa
100 _aMontes, Graciela
245 0 _aLa frontera indómita :
_b En torno a la construcción y defensa del espacio poético
264 _a[México D.C., Mexico] :
_bFondo de Cultura Económica,
_c1999
300 _a119 páginas
490 _aEspacios para la Lectura
650 _aPoetry, General
856 _uhttps://public.digitaliapublishing.com/a/64599
942 _cCF
999 _c96902
_d96902